<?xml version="1.0" encoding="UTF-8"?>
<record
    xmlns:xsi="http://www.w3.org/2001/XMLSchema-instance"
    xsi:schemaLocation="http://www.loc.gov/MARC21/slim http://www.loc.gov/standards/marcxml/schema/MARC21slim.xsd"
    xmlns="http://www.loc.gov/MARC21/slim">

  <leader>01038nam a22002057a 4500</leader>
  <controlfield tag="008">110518r2008    su|||||r|||| 000 0 ara d</controlfield>
  <datafield tag="020" ind1=" " ind2=" ">
    <subfield code="a">9786000209223</subfield>
  </datafield>
  <datafield tag="082" ind1=" " ind2=" ">
    <subfield code="2">22</subfield>
    <subfield code="a">158.7</subfield>
    <subfield code="b">&#x623; &#x631; &#x62F;</subfield>
  </datafield>
  <datafield tag="100" ind1=" " ind2=" ">
    <subfield code="9">23917</subfield>
    <subfield code="a">&#x623;&#x631;&#x62F;&#x646;&#x60C; &#x62C;&#x648;&#x646; &#x628;&#x64A;</subfield>
  </datafield>
  <datafield tag="245" ind1=" " ind2=" ">
    <subfield code="a">&#x627;&#x644;&#x62A;&#x639;&#x627;&#x64A;&#x634; &#x645;&#x639; &#x636;&#x63A;&#x648;&#x637; &#x627;&#x644;&#x639;&#x645;&#x644; :</subfield>
    <subfield code="b">&#x643;&#x64A;&#x641; &#x62A;&#x62A;&#x63A;&#x644;&#x628; &#x639;&#x644;&#x649; &#x636;&#x63A;&#x648;&#x637; &#x627;&#x644;&#x639;&#x645;&#x644; &#x627;&#x644;&#x64A;&#x648;&#x645;&#x64A;&#x629; /</subfield>
    <subfield code="c">&#x62A;&#x631;&#x62C;&#x645;&#x629; &#x645;&#x643;&#x62A;&#x628;&#x629; &#x62C;&#x631;&#x64A;&#x631;&#x61B;&#x62C;&#x648;&#x646; &#x628;&#x64A;. &#x623;&#x631;&#x62F;&#x646;</subfield>
  </datafield>
  <datafield tag="260" ind1=" " ind2=" ">
    <subfield code="a">&#x627;&#x644;&#x631;&#x64A;&#x627;&#x636; :</subfield>
    <subfield code="b">&#x645;&#x643;&#x62A;&#x628;&#x629; &#x62C;&#x631;&#x64A;&#x631; &#x60C; 2008</subfield>
    <subfield code="c">2008</subfield>
  </datafield>
  <datafield tag="300" ind1=" " ind2=" ">
    <subfield code="a">223 &#x635; &#x61B;</subfield>
    <subfield code="c">23 &#x633;&#x645;</subfield>
  </datafield>
  <datafield tag="500" ind1=" " ind2=" ">
    <subfield code="a">&#x62A;&#x631;&#x62C;&#x645;&#x629; &#x644;&#x643;&#x62A;&#x627;&#x628; : Surviving Job Stress: How to Overcome Workday Presssures/ John B. Arden</subfield>
  </datafield>
  <datafield tag="650" ind1=" " ind2=" ">
    <subfield code="9">23918</subfield>
    <subfield code="a">&#x639;&#x644;&#x645; &#x627;&#x644;&#x646;&#x641;&#x633; &#x627;&#x644;&#x635;&#x646;&#x627;&#x639;&#x64A;</subfield>
  </datafield>
  <datafield tag="650" ind1=" " ind2=" ">
    <subfield code="9">14810</subfield>
    <subfield code="a">&#x625;&#x62F;&#x627;&#x631;&#x629; &#x627;&#x644;&#x623;&#x641;&#x631;&#x627;&#x62F;</subfield>
  </datafield>
  <datafield tag="653" ind1=" " ind2=" ">
    <subfield code="b">General</subfield>
    <subfield code="c">May2011</subfield>
  </datafield>
  <datafield tag="710" ind1=" " ind2=" ">
    <subfield code="9">23926</subfield>
    <subfield code="a">&#x645;&#x643;&#x62A;&#x628;&#x629; &#x62C;&#x631;&#x64A;&#x631;</subfield>
  </datafield>
  <datafield tag="942" ind1=" " ind2=" ">
    <subfield code="2">ddc</subfield>
    <subfield code="c">BB</subfield>
  </datafield>
  <datafield tag="999" ind1=" " ind2=" ">
    <subfield code="c">15318</subfield>
    <subfield code="d">15318</subfield>
  </datafield>
  <datafield tag="952" ind1=" " ind2=" ">
    <subfield code="0">0</subfield>
    <subfield code="1">0</subfield>
    <subfield code="2">ddc</subfield>
    <subfield code="4">0</subfield>
    <subfield code="7">0</subfield>
    <subfield code="8">Diwan</subfield>
    <subfield code="a">MAIN</subfield>
    <subfield code="b">MAIN</subfield>
    <subfield code="c">LOW</subfield>
    <subfield code="d">2011-05-18</subfield>
    <subfield code="e">purchase</subfield>
    <subfield code="g">41.00</subfield>
    <subfield code="h">124070</subfield>
    <subfield code="o">158.7 &#x623; &#x631; &#x62F;</subfield>
    <subfield code="p">000023599</subfield>
    <subfield code="r">2025-07-15 00:00:00</subfield>
    <subfield code="s">2019-10-13</subfield>
    <subfield code="y">BB</subfield>
  </datafield>
</record>
